Quizzes
Events
Quiz Creation
Community
Videos
Private Events
Remove Ads
Sign In
Join for FREE
Feedback
Dark Mode
Quiz Categories
Sports
Geography
Music
Movies
Television
Just For Fun
Miscellaneous
History
Literature
Language
Science
Gaming
Entertainment
Religion
Holiday
For Kids
Quiz Lab
Recent
Popular Today
Quiz Kudos Today
Editor Picks
Curator Picks
Quizzes by...
Day
Popularity
Type
Ratings
Length
Year
Community
Subscriptions
Recent Discussions
Orange Saloon
Badges
Playlists
Quests
Create
Leaderboards
Showdown
Live 5
Trivia Bingo
Activity
Puzzle Library
Sporcle Events
Private Events
Virtual Trivia
Globe League
Become a Host
Pub Owners
SporcleCon
Opinionation
Our Games
Videos
Blog
Mobile Apps
Partnerships
Remove Ads and Go Orange
Feedback
Sports
Athletes
MLB
NBA
NHL
NFL
Soccer
Sports Teams
WWE
NCAA
Football
Premier League
Basketball
Baseball
Hockey
Golf
Tennis
Cricket
Rugby
Auto Racing
Olympics
World Cup
Sports
Athletes
MLB
NBA
NHL
NFL
Soccer
Sports Teams
WWE
NCAA
Football
Premier League
Basketball
Baseball
Hockey
Golf
Tennis
Cricket
Rugby
Auto Racing
Olympics
World Cup
Random Quiz
Search Sporcle
×
Quiz Lab
Quiz Lab
Sports
Basketball
Type in answers that appear in a list
Type in answers that appear in a list
Classic
Best Score? Go Orange.
Top 5 Picks in NBA Draft (2000s) Stats
Can you name the Top 5 Picks in NBA Draft (2000s)?
By
sportsfan55
10m
60 Questions
338 Plays
338 Plays
338 Plays
Comments
Comments
Give Quiz Kudos
Give Quiz Kudos
-
- Ratings
hide this ad
Replay
Link that replays current quiz
Next Quiz
Link to next quiz in quiz playlist
You Got
0%
They Got
Avg Score
71%
Avg Friend Score
Upgrade to see
Score Distribution
Jump to the score distribution portion of the page
Score
0/60
Timer
10:00
0
Plays Today
Draft
Player
% Correct
2003 NBA Draft
LeBron James
97%
2011 NBA Draft
Kyrie Irving
95.6%
2009 NBA Draft
Blake Griffin
94.1%
2002 NBA Draft
Yao Ming
94.1%
2003 NBA Draft
Carmelo Anthony
93.8%
2007 NBA Draft
Kevin Durant
93.5%
2003 NBA Draft
Dwyane Wade
93.2%
2010 NBA Draft
John Wall
92.6%
2007 NBA Draft
Greg Oden
92.6%
2008 NBA Draft
Derrick Rose
91.7%
2011 NBA Draft
Derrick Williams
89.1%
2006 NBA Draft
Shelden Williams
89.1%
2005 NBA Draft
Marvin Williams
89.1%
2005 NBA Draft
Deron Williams
89.1%
2003 NBA Draft
Chris Bosh
89.1%
2002 NBA Draft
Jay Williams
88.8%
2004 NBA Draft
Dwight Howard
88.5%
2005 NBA Draft
Andrew Bogut
86.1%
2006 NBA Draft
Andrea Bargnani
85.5%
2008 NBA Draft
Russell Westbrook
84.6%
2005 NBA Draft
Chris Paul
83.4%
2008 NBA Draft
Kevin Love
82.2%
2003 NBA Draft
Darko Milicic
82%
2008 NBA Draft
Michael Beasley
81.7%
2008 NBA Draft
O.J. Mayo
78.7%
2001 NBA Draft
Kwame Brown
78.7%
2000 NBA Draft
Kenyon Martin
78.4%
2009 NBA Draft
James Harden
77.2%
2010 NBA Draft
Evan Turner
75.1%
2007 NBA Draft
Al Horford
74.9%
Draft
Player
% Correct
2001 NBA Draft
Pau Gasol
74.9%
2006 NBA Draft
Adam Morrison
74.3%
2009 NBA Draft
Ricky Rubio
73.7%
2004 NBA Draft
Emeka Okafor
73.7%
2007 NBA Draft
Mike Conley
73.1%
2010 NBA Draft
DeMarcus Cousins
71%
2010 NBA Draft
Wesley Johnson
66.6%
2009 NBA Draft
Hasheem Thabeet
66%
2004 NBA Draft
Ben Gordon
64.5%
2006 NBA Draft
LaMarcus Aldridge
63.9%
2009 NBA Draft
Tyreke Evans
62.7%
2006 NBA Draft
Tyrus Thomas
62.7%
2007 NBA Draft
Jeff Green
61.8%
2001 NBA Draft
Tyson Chandler
61.2%
2005 NBA Draft
Raymond Felton
60.1%
2011 NBA Draft
Enes Kanter
57.4%
2011 NBA Draft
Tristan Thompson
57.4%
2010 NBA Draft
Derrick Favors
56.8%
2001 NBA Draft
Eddy Curry
56.2%
2000 NBA Draft
Mike Miller
52.1%
2004 NBA Draft
Devin Harris
50%
2001 NBA Draft
Jason Richardson
48.5%
2002 NBA Draft
Mike Dunleavy
43.2%
2000 NBA Draft
Stromile Swift
39.1%
2000 NBA Draft
Marcus Fizer
37.9%
2000 NBA Draft
Darius Miles
35.8%
2004 NBA Draft
Shaun Livingston
34.3%
2002 NBA Draft
Drew Gooden
33.4%
2011 NBA Draft
Jonas Valanciunas
31.4%
2002 NBA Draft
Nikoloz Tskitishvili
15.7%
Quiz Playlist
Details
Report
Send in Message
Add To Playlist
Classic:
Type in answers that appear in a list
Last Updated: Feb 16, 2017
Quiz Scoreboard
CHALLENGE
Sign Up to Join the Scoreboard
Show All
Scores
Hide
Comments
May contain spoilers
Recently Published
Decade Duel: World Leaders
by jenniferyan
History
4m
Alphabetical 'K' Countries by Flag Minefield
by ylime102
Geography
3m
Pick 6: Fruits
by JohnFran
Miscellaneous
15s
More to Explore
Quiz From the Vault
Featured Blog Post
15 Basketball Trivia Facts You Can Be March Mad About
hide this ad
You Might Also Like...
Tags
Basketball Quiz
NBA Quiz
2000
Draft
NBA Draft
Player
Top 5
Today's Top Quizzes in Sports
Browse Sports
hide this ad
Today's Top Quizzes in Basketball
Browse Basketball
Top Contributed Quizzes in Sports
1
Les joueurs à 100 buts en Ligue 1 Uber Eats
2
2022 World Cup Stars
3
Pick 6: NFL Teams
4
MLB 2 truths and a lie: Hall of Fame pitchers
5
Pick 6: Minor League Baseball
6
Millionaire: NBA Finals Edition
7
Pick 6: Olympics
8
Click the 1998 NBA Draft
9
Criteria MLB: Left Handed Sluggers
10
NBA Logic Puzzle 2.0
Explore More
Trending Topics
Marvel
NBA
Harry Potter
Disney
Anime
Crossword
Kpop
Puzzle
Country
WWE
Song
The Office
Soccer
NFL
Pokémon
hide this ad
More By:
sportsfan55
Quiz
Plays
Rating
Category
Featured
Created
Top 25 Largest U.S. Cities (By Population)
443
4.00
Geography
May 27, 2012
2012-2013 NBA Starting Lineups (Western Conference)
363
4.33
Sports
Feb 19, 2013
Top 5 Picks in NBA Draft (2000s)
338
5.00
Sports
May 28, 2012
Past NBA Champions (1990-2011)
303
2.00
Sports
May 29, 2012
Top 5 Picks in NFL Draft (2000s)
293
5.00
Sports
Jun 23, 2012
Go to Creator's Profile
Score Distribution
Quiz Creator Spotlight
sportsfan55
Follow
Send a Message
Quizzes Created
-
Created Quiz Play Count
-
More By This Creator
Popular Quizzes Today
1
Countries of Asia Without Outlines Minefield
2
Find the US States - No Outlines Minefield
3
Pick 6: Fruits
4
The Countries of the World
5
Alphabetical 'K' Countries by Flag Minefield
6
Find the Countries of Europe - No Outlines Minefield
7
US States
8
Find the US States
More Sports Quizzes
'W' Names for NBA Players
Quiz Lab
Trending Quizzes
Pick 6: Mountains
Pick 6: Harry Potter
Pick 6: Flags
Pick 6: NFL Teams
Pick 6: Movie Franchises
Recently Updated
Adaptations: Name the Title
pecheneg
NWSL Teams
pecheneg
Women's Final Four Teams by Year
bhenderson79
Presidents Quartet II
eogle
Anything But Clue(do)
eogle
Anything But Oceanian Capitals
eogle
Anything But 7
eogle
Anything But Thing
eogle
Word Ladder: February 29
pecheneg
Song Title Questions
pecheneg
Trending Topics
Anime
Disney
Harry Potter
Kpop
NBA
Crossword
Marvel
Pokémon
NFL
Puzzle
Song
Country
Soccer
The Office
WWE
Your Account Isn't Verified!
In order to create a playlist on Sporcle, you need to verify the email address you used during registration. Go to your
Sporcle Settings
to finish the process.
Report this User
Report this user for behavior that violates our
Community Guidelines
.
Details:
Send Report
Go to the Sporcle.com Mobile Site →
Comments